SirPhilippines' Hard Geography Quiz! - Statistics

General Stats
  • This quiz has been taken 621 times
    375 since last reset
  • The average score is 3 of 16
Answer Stats
Hint Answer % Correct
Which island country had lots of phosphate reserves, causing them to become rich until it ran out? Nauru
81%
The African Renaissance Monument in Senegal was built by a company from what country? North Korea
35%
What is the capital of Curaçao? Willemstad
31%
Former name of Artsakh. Nagorno-Karabakh
27%
Country with province of Gjirokaster. Albania
23%
What Bhutanese city is where the only airport is located in? Paro
16%
What exclave made with US states has its states name in its name? {Kentucky} Bend
14%
What US state contains the America's smallest street? Ohio
13%
What historical country is also named as Chosŏn in their respective language? Joseon
12%
What country or territory has the .io TLD? British Indian Ocean Territory
11%
What Russian republic has the largest population? Bashkortostan
10%
What is the name of Equatorial Guinea's future capital? Ciudad de la Paz
9%
What exclave of the United States is closest to the San Juan Islands? Point Roberts
9%
What song was played in the Winter War on radio to explode mines by playing a certain triad? (To help, you only need to give the last word of the song name) Säkkijärven Polkka
7%
What is the largest (land area) district of Suriname? Sipaliwini
7%
What is this former countries flag? Sulu Sultanate
4%
No matching quizzes found
Score Distribution
Percent of People with Each Score
Percentile by Number Answered
Your Score History
You have not taken this quiz since the last reset